000 00434nam a2200169Ia 4500
003 LK-CoDNM
005 20240726122846.0
008 010623t1926 xxu||||| |||| 00| 1 fra d
040 _aLK-CoDNM
_dLK-CoDNM
_eLK-CoDNM
041 _afra
080 _a14
_bDD16
100 _aCoomarswamy,Ananda K.
245 _aPour Comprendre I Art Hindou
260 _bEditions Bossard
_aParis
_c1926
300 _b176p, ILL . ; 16 cm
942 _cBK
999 _c93261
_d93261